| 000 | 01474nam a22002777a 4500 | ||
|---|---|---|---|
| 003 | OSt | ||
| 005 | 20221014123515.0 | ||
| 008 | 220209s2020 ck a|||br|||| 00| j spa d | ||
| 020 | _a9789585488922 | ||
| 040 |
_aCO-JMCR _cCO-JMCR |
||
| 041 | 0 | _aspa | |
| 082 | 0 | 4 |
_aC / _bMUJe _223 |
| 100 | 1 |
_aMújica, Elisa, _eautora _91378 |
|
| 245 | 1 | 3 |
_aLa Expedición Botánica : _bcontada a los niños / _cElisa Mújica ; ilustrado por Sebastián Cadavid ; editor, Iván Hernández |
| 250 | _aPrimera edición | ||
| 260 |
_aBogotá : _bMinisterio de Cultura, _c2020. |
||
| 300 |
_a31 páginas : _bilustraciones a color ; _c27 cm. |
||
| 490 | 0 |
_aLeer es mi cuento ; _v38 |
|
| 520 | 3 | _aNo hay, tal vez, para los niños de Colombia un libro más bello sobre el país en que viven, su diversidad biológica y su riqueza etnográfica y cultural, que este libro de Elisa Mújica. Escrito con amor, conocimiento, inteligencia y fervor, en él que se da cuenta de la genialidad de la labor de la expedición botánica y de su director José Celestino Mutis. El niño que lea estas páginas no será siempre el mismo; su amor por este continente y por este país no se apagará jamás. | |
| 650 | 1 | 4 |
_aLiteratura infantil colombiana. _914030 |
| 650 | 2 | 4 |
_aDiversidad biológica contada a niños. _941928 |
| 650 | 2 | 4 |
_aRiqueza cultural en la literatura. _941929 |
| 700 | 1 |
_aCadavid, Sebastián, _eilustrador _941930 |
|
| 700 | 1 |
_aHernández, Iván, _eeditor _98307 |
|
| 942 |
_2ddc _cBK |
||
| 999 |
_c15826 _d15826 |
||